00673nam 2200181 45000010005000000900009000051000041000141010008000552000115000632100055001782150016002333000014002496060049002636060031003127100039003438010020003829950089004026092 a6092 a20190729k u||y0frey50 ba aspa aLa planicicacion de emergencia tras ChernobilbBrochurefinforme elaborado por la Coordinadora contra Garoña a[S.l.]cCoordinadora contra Garoñad1989 (15.09) a8 f.d30 cm aBibliogr. 96982aCentrale de TchernobylyUkraine - URSS 9648aNucléaire (Energie) 97011aCoordinadora contra Garoña aCHbCH-002049-8 10203052026-06-1997076bARCHICcARCHICeBrochuresf7921hContratomkBroch 2747o1